French Hours - Statistics

General Stats
  • This quiz has been taken 10 times
  • The average score is 20 of 24
Answer Stats
Hint Answer % Correct
cinq heures
100%
duex Heures
100%
huit heures
100%
neuf heures
100%
onze heures
100%
quatre heures
100%
sept heures
100%
six heures
100%
trois heures
100%
dix heures
89%
douze heures
89%
une Heures
89%
dix-huit heures
78%
dix-neuf heures
78%
dix-sept heures
78%
quatorze heures
78%
treize heures
78%
Minuit (no number)
67%
quinze heures
67%
seize heures
67%
vingt heures
67%
vingt-deux heures
67%
vingt-et-un heures
67%
vingt-trois heures
67%
No matching quizzes found
Score Distribution
Percent of People with Each Score
Percentile by Number Answered
Your Score History
You have not taken this quiz